La propuesta criollista (Record no. 174447)
[ view plain ]
| 000 -LEADER | |
|---|---|
| campo de control de longitud fija | 01053nam a2200241 4500 |
| 001 - NÚMERO DE CONTROL | |
| campo de control | 174447 |
| 003 - IDENTIFICADOR DE NÚMERO DE CONTROL | |
| campo de control | ES-MaACL |
| 005 - FECHA Y HORA DE LA ÚLTIMA TRANSACCIÓN | |
| campo de control | 20230906215530.0 |
| 008 - DATOS DE LONGITUD FIJA--INFORMACIÓN GENERAL | |
| campo de control de longitud fija | 100422s1995 cl |||| | spa d |
| 100 1# - ENTRADA PRINCIPAL--NOMBRE DE PERSONA | |
| Nombre de persona | Sánchez Durán, Fernando. |
| 9 (RLIN) | 102620 |
| 245 13 - MENCIÓN DEL TÍTULO | |
| Título | La propuesta criollista |
| Resto del título | : la narrativa de Luis Durand / |
| Mención de responsabilidad, etc. | conferencia de Fernando Sánchez Durán. Lectura de Texto por Luis Durand (hijo). "Camino del alba" : novela de Isabel Velasco / presenta Luis Villarroel. |
| 246 37 - FORMA VARIANTE DEL TITULO | |
| Título propio/Titulo breve | Elogio del terruño |
| Resto del título | : lectura de Texto por Luis Durand (hijo) |
| 246 30 - FORMA VARIANTE DEL TITULO | |
| Título propio/Titulo breve | Camino del alba |
| Resto del título | : novela de Isabel Velasco |
| 260 ## - PUBLICACIÓN, DISTRIBUCIÓN, ETC. | |
| Lugar de publicación, distribución, etc. | Santiago (Chile) : |
| Nombre del editor, distribuidor, etc. | Ateneo, |
| Fecha de publicación, distribución, etc. | 1995. |
| 300 ## - DESCRIPCIÓN FÍSICA | |
| Extensión | 46 p. ; |
| Dimensiones | 18 cm. |
| 594 ## - Nota al título y mención de responsabilidad | |
| Nota al título y mención de responsabilidad | Precede al tít.: Ateneo de Santiago, 4ª Jornada General, 1995. |
| 600 14 - PUNTO DE ACCESO ADICIONAL DE MATERIA--NOMBRE DE PERSONA | |
| Nombre de persona | Durand, Luis. |
| 9 (RLIN) | 142567 |
| 610 24 - PUNTO DE ACCESO ADICIONAL DE MATERIA--NOMBRE DE ENTIDAD CORPORATIVA | |
| Nombre de entidad corporativa o nombre de jurisdicción como elemento de entrada | Ateneo de Santiago de Chile- |
| Subdivisión de forma | Congresos y asambleas. |
| 9 (RLIN) | 142612 |
| 700 1# - ENTRADA AGREGADA--NOMBRE PERSONAL | |
| Nombre de persona | Velasco, Isabel. |
| 9 (RLIN) | 142568 |
| 700 1# - ENTRADA AGREGADA--NOMBRE PERSONAL | |
| Nombre de persona | Villarroel, Luis. |
| 9 (RLIN) | 142547 |
| 710 2# - ENTRADA AGREGADA--NOMBRE DE ENTIDAD CORPORATIVA | |
| Nombre de entidad corporativa o nombre de jurisdicción como elemento de entrada | Ateneo de Santiago de Chile. |
| 9 (RLIN) | 2026 |
| 852 4# - LOCALIZACIÓN | |
| Ubicación | BA |
| Número de control de estantería | 2256-F-30 |
| Estatus retirado | Estado de pérdida | Estado de daño | No para préstamo | Colección | Biblioteca de origen | Biblioteca actual | Ubicación en estantería | Fecha de adquisición | Fuente de adquisición | Total de préstamos | Signatura topográfica completa | Código de barras | Visto por última vez | Precio de reemplazo | Tipo de ítem Koha |
|---|---|---|---|---|---|---|---|---|---|---|---|---|---|---|---|
| Colección de folletos | Biblioteca del Ateneo de Madrid | Biblioteca del Ateneo de Madrid | Depósito folletos | 22/04/2010 | 2256-F-30 | 1183102 | 23/02/2023 | 23/02/2023 | Folleto |
